000 00537nam a22001937a 4500
003 KOHA_MİRAKIL
005 20250417171637.0
008 250417b tu ||||| |||| 00| 0 tur d
020 _a9789944611459
040 _aTR-AnABB
_btur
_cTR-AnABB
041 _atur
082 _a813.32
_bAHM 2015
100 1 _aAhmet Mithat Efendi
245 1 0 _aMusullu Süleyman /
_cAhmet Mithat Efendi
260 _aİstanbul :
_bTekin Yayınevi,
_c2015
300 _a280 sayfa ;
_c21 cm
650 0 4 _aTürk edebiyatı, roman
942 _2ddc
_cBK
999 _c8776
_d8776
900 _bGizem YORULMAZ